00461nam a2200169Ia 450000500170000000800410001702000220005804100080008008200130008810000140010124500610011526000450017630000090022150000240023065000230025470000140027720230426030213.0230125s9999 xx 000 0 und d a978-0-19-871692-1 aeng a658bWIL aWillman P aUnderstanding ManagementbThe Social Science Foundations c2014bOxford University PressaNew Delhi a321p aGeneral Management  aGeneral Management aWillman P